Composite evaluation of customer satisfaction
Znaky spokojnosti seniorov s vybraných nákupným miestom (faktorová analýza): pohodlie pri nákupe, hodnota vyjadrená peniazmi a imidž obchodu. V užšom zmysle: kvalita produktu, adekvátnosť ceny, pravidelná reklama, nápomocný personál, fyzické vlastnosti nákupného prostredia a služby (parkovanie, inte...
Salvato in:
| Autore principale: | |
|---|---|
| Natura: | Capitolo di libro |
| Lingua: | inglese |
| Soggetti: | |
| Tags: |
Nessun Tag, puoi essere il primo ad aggiungerne!!
|
MARC
| LEADER | 00000nla a2200000 4500 | ||
|---|---|---|---|
| 001 | 0208167 | ||
| 005 | 20240502083520.6 | ||
| 041 | 0 | |a eng | |
| 044 | |a RO | ||
| 245 | 1 | 0 | |a Composite evaluation of customer satisfaction |c Dagmar Lesáková |
| 520 | |a Znaky spokojnosti seniorov s vybraných nákupným miestom (faktorová analýza): pohodlie pri nákupe, hodnota vyjadrená peniazmi a imidž obchodu. V užšom zmysle: kvalita produktu, adekvátnosť ceny, pravidelná reklama, nápomocný personál, fyzické vlastnosti nákupného prostredia a služby (parkovanie, internetový nákup, počet otvorených pokladní,...). | ||
| 610 | 2 | 0 | |a prieskum spotrebiteľský |
| 610 | 2 | 0 | |a spokojnosť zákazníkov |
| 610 | 2 | 0 | |a preferencie spotrebiteľské |
| 610 | 2 | 0 | |a správanie spotrebiteľa |
| 610 | 2 | 0 | |a seniori |
| 610 | 2 | 0 | |a rozhodovanie nákupné |
| 100 | 1 | |a Lesáková, Dagmar, 1949- | |